000 01084nas a2200373 4500
001 BR2011006161
003 BR-BrBNA
005 20231205115710.0
007 ta
008 230509b bl.|||p| |||| 00| 00por d
040 _aBR-BrBNA
_bpor
_cBiblioteca Nacional de Agricultura
041 _a(Pt)
072 _aL20; L52; P10
100 1 _aFerreira, L.S.
100 1 _aD'Incao, F.
245 1 _aCrescimento de Callincectes sapidus (Crustacea, Decapoda, Portunidae)no estuário da laguna dos Patos, Rs, Brasil
650 _aRIO GRANDE DO SUL
650 _aZOOLOGIA
650 _aCRUSTÁCEO
650 _aSIRI
650 _aHABITAT
650 _aÁGUAS INTERIORES
650 _aÁGUA SALINA
650 _aCRESCIMENTO
650 _aTAMANHO
650 _aLARGURA
650 _aCOMPRIMENTO
650 _aLONGEVIDADE
650 _aCURVA DE CRESCIMENTO
650 _aPOPULAÇÃO
773 0 _tIIheringia. Série Zoologia (Brazil)
_xISSN 0073-4721
_g(Mar 2008), v. 98(1) p. 70-77
_wBR2011006161
909 _a202311
_bLúcia
_c55
_dLúcia Elande
942 _2AGRIS
_n0
_cANA
999 _c215274
_d215274